000
00174nam a22000857a 4500
008
161015b xxu||||| |||| 00| 0 eng d
100
_9
860
_a
RAH
245
_a
Hindi
260
_c
2004
999
_c
3513
_d
3513